|
|
|
|
| LEADER |
00000nam0a2200000 4500 |
| 001 |
25190 |
| 005 |
20231030200829.0 |
| 010 |
|
|
|a 9667393291
|
| 035 |
|
|
|a (RuTPU)RU\TPU\book\25426
|
| 035 |
|
|
|a BOOK00025501
|
| 090 |
|
|
|a 25190
|
| 100 |
|
|
|a 20011209d1999 m y0rusy50 ca
|
| 101 |
0 |
|
|a rus
|
| 102 |
|
|
|a UA
|
| 105 |
|
|
|a a z 001zy
|
| 200 |
1 |
|
|a Защита информации и безопасность компьютерных систем
|f В. В. Домарев
|
| 210 |
|
|
|a Киев
|c DiaSoft
|d 1999
|
| 215 |
|
|
|a 471 с.
|c ил.
|
| 320 |
|
|
|a Библиогр.: с. 451-453.
|
| 610 |
1 |
|
|a информатика
|
| 610 |
1 |
|
|a информация
|
| 610 |
1 |
|
|a защита
|
| 610 |
1 |
|
|a компьютерные системы
|
| 610 |
1 |
|
|a безопасность
|
| 610 |
1 |
|
|a правовой аспект
|
| 610 |
1 |
|
|a каналы связи
|
| 675 |
|
|
|a 681.3.067
|v 3
|
| 700 |
|
1 |
|a Домарев
|b В. В.
|g Валерий Валентинович
|
| 801 |
|
0 |
|a UA
|b 63413507
|c 20011209
|g PSBO
|
| 801 |
|
2 |
|a RU
|b 63413507
|c 20130717
|g PSBO
|
| 942 |
|
|
|c BK
|